| 000 | 00464nam a2200181Ia 4500 | ||
|---|---|---|---|
| 001 | 18424 | ||
| 005 | 20260306171629.0 | ||
| 008 | 260306s9999||||xx |||||||||||||| ||und|| | ||
| 041 | _aESP | ||
| 082 |
_a658.404 _bA32 |
||
| 100 |
_aAjenjo, Alberto Domingo _eAUT |
||
| 245 | 0 |
_aDirección y gestión de proyectos: _bun enfoque práctico |
|
| 260 | _c2005 | ||
| 300 |
_axv, 331 páginas : _c23 cm. |
||
| 650 | _aGEN | ||
| 654 | _aCAN | ||
| 942 |
_cLIB _dJUS _fJUS _2ddc _n |
||
| 999 |
_c18424 _d18424 |
||